Stati per numero di Cacciatorpedinieri - Statistics

Statistiche generali
  • Questo quiz è stato fatto 12 volte
  • Il punteggio medio è 9 su 10
Statistiche sulle risposte
Numero di cacciatorpedinieri Continente Nazione % Corretto
4 Europa Italia
100%
11 Asia / Europa Russia
100%
75 America del Nord Stati Uniti
100%
42 Asia Cina
89%
10 Asia India
89%
6 Europa Regno Unito
89%
5 Europa Spagna
89%
38 Asia Giappone
78%
6 Asia Corea del Sud
67%
4 Europa Paesi Bassi
67%
Nessun quiz corrispondente trovato
Distribuzione punteggi
Percentuale di utenti per punteggio
Percentile per numero di risposta
I tuoi punteggi nel tempo
Non hai fatto questo quiz